| 000 | 01543nam0a2200385 4500 | ||
|---|---|---|---|
| 001 | RU\NLR\BIBL_A\012305740 | ||
| 005 | 20220805183045.0 | ||
| 010 |
_a978-5-04-106970-4 _93000 |
||
| 021 |
_aRU _bКН-П-20-018532 _9КН-П-20-1461 |
||
| 021 |
_aRU _bКН-П-21-060221 _9КН-П-21-4694 |
||
| 021 |
_aRU _bКН-П-23-058094 _9КН-П-23-5856 |
||
| 035 | _a(NLR Aleph) 012305740 | ||
| 035 | _a(RuMoRGB)010313587 | ||
| 090 |
_a11344155 _c11344155 |
||
| 100 | _a20200731d2020 u y0rusy50 ca | ||
| 101 | 1 |
_arus _cdan |
|
| 102 | _aRU | ||
| 105 | _aa|||zzzz000ay | ||
| 181 | 0 |
_ai _baxxe |
|
| 182 | 0 | _an | |
| 200 | 1 |
_aСамые красивые сказки Г.-Х. Андерсена _e[для дошкольного возраста _eтекст для чтения взрослыми детям _fперевод с датского Анны и Петра Ганзен] _gиллюстрации Ларисы Лаубер |
|
| 203 |
_aТекст _bвизуальный _cнепосредственный |
||
| 210 |
_aМосква _c#Эксмодетство _d2020 |
||
| 215 |
_a131, [3] с. _cцв. ил. _d24 |
||
| 333 | _a0+; 6- | ||
| 686 | 0 | _aШ9(4Д)60-4 | |
| 700 | 1 |
_7ca _8rus _aАндерсен _bХ. К. _f1805-1875 _gХанс Кристиан _9112181 _3RU\NLR\AUTH\772165 |
|
| 702 | 1 |
_aЛаубер _bЛ. _gЛариса _4040 |
|
| 942 | _cBOOK | ||
| 980 | _aNBR | ||
| 980 | _aNB | ||